الإعاقة السمعية : (رقم التسجيلة. 247759)

تفاصيل مارك
000 -الفاتح
عناصر البيانات ثابتة الطول 01046nam a22002537i 4500
005 - تاريخ ووقت آخر معاملة
حقل ضبط 20260106102130.0
008 - عناصر البيانات ثابتة الطول
عناصر البيانات ثابتة الطول 250906s2025 jo ||||gr|||| 00| 0 ara d
020 ## - الترقيم الدولي المعياري للكتب (ردمك)
الترقيم الدولي المعياري للكتب (ردمك) 9789957076078
040 ## - مصدر الفهرسة
هيئة الفهرسة الأصلية JO-AmGAM
قواعد الوصف rda
082 14 - رقم تصنيف ديوي العشري
رقم التصنيف 362.42
رقم المادة ز ر ي
100 1# - مدخل رئيسي – اسم شخصي
الاسم الشخصي الزريقات، ابراهيم عبد الله فرج
علاقة الشخص بالعمل/ دوره مؤلف.
245 12 - بيان العنوان
العنوان الإعاقة السمعية :
بقية العنوان مبادئ التأهيل السمعي والكلامي والتربوي /
بيان المسؤولية تأليف الدكتور ابراهيم عبد الله فرج الزريقات.
246 10 - الأشكال المختلفة للعنوان
العنوان الفعلي/العنوان المختصر Hearing Impairment principles of Audiological, Speech, & Educational Rehabilitation.
250 ## - بيان الطبعة
بيان الطبعة الطبعة الرابعة.
264 31 - بيانات النشر، التوزيع…إلخ
مكان النشر، التوزيع...إلخ عمان :
اسم الناشر، الموزع...إلخ دار الفكر ناشرون وموزعون،
تاريخ النشر، التوزيع...إلخ 2025.
300 ## - الوصف المادي
عدد الوحدات المكونة للوعاء 560 صفحة.
336 ## - نوع المحتوى
المصدر rdacontent
مصطلح نوع المحتوى نص
كود نوع المحتوى txt
337 ## - نوع الوسيط
المصدر rdamedia
مصطلح نوع الوسيط دون وسيط عرض
كود نوع الوسيط n
338 ## - نوع الحامل
المصدر rdacarrier
مصطلح نوع الحامل مجلد
كود نوع الحامل nc
650 17 - مدخل إضافي بالموضوع - مصطلح موضوعي
مصطلح موضوعي أو اسم جغرافي كعنصر مدخل الإعاقة السمعية.
650 17 - مدخل إضافي بالموضوع - مصطلح موضوعي
مصطلح موضوعي أو اسم جغرافي كعنصر مدخل الصم.
942 ## - بيانات إضافية (كوها)
نوع التنصيف Dewey Decimal Classification
نوع المادة (كوها) كتب
المقتنيات
حالة السحب حالة الفقدان مصدر التصنيف حالة التلف غير قابل للإعارة المكتبة الرئيسية المكتبة الحالية موقع الرف تاريخ التزويد مصدر التزويد العملة التكلفة، سعر الشراء العادي الرقم المتسلسل Total Checkouts رقم الإستدعاء الباركود تاريخ آخر ظهور التكلفة وسعر الاستبدال تاريخ الفاتورة نوع المادة (كوها)
    Dewey Decimal Classification     المكتبة المركزية المكتبة المركزية الإعارة 31/12/2025 62 JOD 7.50 1799633   362.42 / ز ر ي PLD00929268 31/12/2025 10.00 31/12/2025 كتب
Implemented & Customized by: BBB with SCIT (Smart Chains for Information Technology)

Powered by Koha